| 000 | 00524cam a2200181ua 4500 | ||
|---|---|---|---|
| 020 | _cRs 15.00 | ||
| 041 |
_aeng _h |
||
| 082 |
_a954 _bKRI/HI |
||
| 100 | _aKrishna Sinha, Narendra. | ||
| 245 |
_aHistory of India :from the earliest times to the present day / _cNarendra Krishna Sinha. _hTextual Documents |
||
| 260 |
_aKolkata : _bA Mukherjee & Co. Private Ltd , _c1963. |
||
| 300 | _a696 ; . | ||
| 365 | _aRs 15.00 | ||
| 504 | _a | ||
| 700 | 1 | _aChandra Banargee, Anila . | |
| 942 | _cBK | ||
| 999 |
_c409 _d409 |
||